00710 2200253 4500001002100000005001500021035002000036007000300056008004100059020002200100082000800122084001500130100002300145245009000168260003100258300003500289650003300324700001800357520003000375520001400405520001300419990001200432990001200444INLIS00000000000183720180328033033 a0010-0318000180ta180328 g 0 ind  a978-602-251-879-2 a427 a427 SAS g0 aSASTRA, Noor Qalam1 aGaul Abis Kuasai TOEFL dalam Waktu Singkat /cSastra Noor Qalam; editor, Diane Novita aJakarta :bGrasindo,c2015 ax, 164 hlm. :bilus. ;c21 cm. aBAHASA INGGRIS-BAHASA TEKNIK0 aDIANE, Novita abibliografi: hlm. 162-163 aglosarium alampiran a16568 a a16568 b